Essentials of business statistics

Đã lưu trong:
书目详细资料
格式: Sách
语言:Undetermined
出版:  McGraw-Hill Irwin  2012
主题:
标签: 添加标签
没有标签, 成为第一个标记此记录!
Thư viện lưu trữ: Trung tâm Thư viện - Trường Đại học Công nghiệp TP. Hồ Chí Minh
LEADER 00423nam a2200133Ia 4500
001 UIH_05720
008 231011s9999 xx 000 0 und d
082 |a  519.5 
245 0 |a  Essentials of business statistics 
260 |b  McGraw-Hill Irwin 
260 |c  2012 
650 |a  Thống kê thương mại;  
927 |a Sách 
980 |a Trung tâm Thư viện - Trường Đại học Công nghiệp TP. Hồ Chí Minh